| 000 | 00523nam a2200181Ia 4500 | ||
|---|---|---|---|
| 001 | 20515 | ||
| 005 | 20260306172811.0 | ||
| 008 | 260306t2013||||xx |||||||||||||| ||spa|| | ||
| 041 | _aESP | ||
| 082 |
_a343.335 _bC88 |
||
| 100 |
_aCresci Vassallo, Giancarlo _eAUT |
||
| 245 | 0 |
_aCriterios del tribunal constitucional: _ben materia de ratificación, destitución y nombramiento de jueces y fiscales |
|
| 260 | _c2013 | ||
| 300 |
_a582 páginas : _c25 cm. |
||
| 650 | _aGEN | ||
| 654 | _aCDE | ||
| 942 |
_cLIB _dJUS _fJUS _2ddc _n |
||
| 999 |
_c20515 _d20515 |
||